Statistics for FIFA 15 Ultimate Team BPL

Click here to take the quiz!

General Stats

  • This quiz has been taken 151 times
    (136 since last reset)
  • The average score is 45 of 84

Answer Stats

PosTeamAnswerRating% Correct
LMChelseaEden Hazard88
98%
STManchester CitySergio Agüero87
98%
STManchester UnitedWayne Rooney86
96%
GKChelseaThibaut Courtois86
91%
LMManchester CityDavid Silva87
88%
CAMArsenalMesut Özil86
88%
GKTottenham HotspurHugo Lloris85
87%
GKChelseaPetr Čech85
86%
STManchester UnitedRobin van Persie88
86%
CBManchester CityVincent Kompany86
86%
CMManchester CityYaya Touré86
85%
GKManchester UnitedDavid de Gea85
84%
RWArsenalAlexis Sánchez85
83%
CAMManchester UnitedJuan Mata85
80%
STChelseaDiego Costa86
79%
STManchester UnitedRadamel Falcao88
79%
CAMTottenham HotspurChristian Eriksen84
75%
CMChelseaCesc Fàbregas85
72%
STLiverpoolDaniel Sturridge83
71%
LBEvertonLeighton Baines82
70%
CBChelseaJohn Terry83
69%
CAMChelseaOscar84
68%
CAMManchester UnitedÁngel di María86
67%
CDMChelseaNemanja Matić83
66%
RBManchester CityPablo Zabaleta83
66%
RWLiverpoolRaheem Sterling80
66%
STEvertonRomelu Lukaku80
64%
LMManchester CitySamir Nasri84
63%
CDMLiverpoolSteven Gerrard82
63%
RMChelseaWillian82
63%
RMManchester CityJesús Navas83
62%
GKManchester CityJoe Hart82
62%
GKEvertonTim Howard82
60%
CMArsenalAaron Ramsey83
59%
STManchester CityEdin Džeko83
59%
CBArsenalPer Mertesacker83
55%
CBTottenham HotspurJan Vertonghen82
54%
CBArsenalLaurent Koscielny82
54%
STLiverpoolMario Balotelli82
54%
GKLiverpoolSimon Mignolet82
54%
GKStoke CityAsmir Begović82
53%
CBChelseaGary Cahill81
52%
RMArsenalTheo Walcott81
52%
STAston VillaChristian Benteke80
49%
CMManchester CityFernandinho82
49%
STTottenham HotspurRoberto Soldado81
47%
CAMLiverpoolCoutinho81
46%
STChelseaDidier Drogba81
46%
RMChelseaJuan Cuadrado83
46%
STChelseaLoïc Rémy80
46%
LBChelseaCésar Azpilicueta81
45%
CBLiverpoolMartin Škrtel81
44%
CDMChelseaRamires81
44%
CMArsenalJack Wilshere81
42%
CMManchester CityFrank Lampard80
41%
RBManchester CityBacary Sagna80
40%
RBChelseaBranislav Ivanović81
40%
LMSouthamptonDušan Tadić82
40%
LBManchester CityGaël Clichy80
40%
RBEvertonSéamus Coleman80
40%
LBChelseaFilipe Luís82
38%
CBLiverpoolMamadou Sakho81
38%
STManchester CityStevan Jovetić82
38%
STManchester CityWilfried Bony81
38%
RMManchester UnitedAntonio Valencia80
37%
CAMLiverpoolAdam Lallana80
35%
CBLiverpoolDejan Lovren80
34%
STSunderlandJermain Defoe80
33%
CDMArsenalMikel Arteta80
32%
CBEvertonPhil Jagielka80
31%
CBManchester CityEliaquim Mangala80
30%
STTottenham HotspurEmmanuel Adebayor80
29%
CDMEvertonGareth Barry80
29%
RMEvertonKevin Mirallas80
29%
RBArsenalMathieu Debuchy80
29%
CDMSouthamptonMorgan Schneiderlin80
29%
CMTottenham HotspurMousa Dembélé80
29%
LMChelseaAndré Schürrle81
27%
STEvertonSamuel Eto'o81
24%
CDMEvertonJames McCarthy80
23%
GKArsenalWojciech Szczęsny80
23%
CAMArsenalTomáš Rosický80
21%
CMTottenham HotspurPaulinho80
15%
CBTottenham HotspurFederico Fazio80
13%

Score Distribution

Percentile by Number Answered

Percent of People with Each Score

Your Score History

You have not taken this quiz since the last reset